00434nam a22001457a 450000500170000000800410001702000180005804100080007608200190008410000250010324501140012826000220024230000090026465000150027320180412115324.0160613b xxu||||| |||| 00| 0 eng d a81-7346-031-0 aeng b7261a346.0666 aChaturvedi, Dr. R.G. aLaw and Practice of Sewritiection & Reconstruction of Financial assets and enter cement of securities intrest bBharat Law c2010 a1447 aManagement